| 000 | 01437nam a2200325 i 4500 | ||
|---|---|---|---|
| 001 | 13775 | ||
| 003 | ES-MaACL | ||
| 005 | 20250801063016.0 | ||
| 007 | t| | ||
| 008 | 921020e1990 sp |||| | spa d | ||
| 017 |
_aM 8199-1990 _bOficina Depósito Legal Madrid |
||
| 020 | _a84-85290-79-8 | ||
| 024 | 7 |
_a026-89-018-5 _2nipo |
|
| 080 | _a327(460:492.6)"1665/1700" | ||
| 100 | 1 |
_aSalinas, David _eaut _9101930 |
|
| 245 | 1 | 3 |
_aLa diplomacia española en las relaciones con Holanda durante el reinado de Carlos II (1665-1700) / _cDavid Salinas ; prólogo de Miguel Ángel Ochoa Brun |
| 260 |
_a[Madrid] : _bDirección General de Relaciones Culturales y Científicas, _c[1990] |
||
| 300 |
_a135 páginas ; _c23 cm |
||
| 490 | 1 |
_aBiblioteca diplomática española. _pEstudios (Dirección General de Relaciones Culturales y Científicas) ; _v4 |
|
| 504 | _aBibliografía: páginas 127-134 | ||
| 651 | 4 |
_aEspaña- _xRelaciones- _zPaíses Bajos _98474 |
|
| 651 | 4 |
_aEspaña- _xHistoria- _y1665-1700, Carlos II _98236 |
|
| 700 | 1 |
_aOchoa Brun, Miguel Ángel _eaui _9157089 |
|
| 710 | 1 |
_aEspaña. _bDirección General de Relaciones Culturales _eedt _93782 |
|
| 830 | 0 | 0 |
_aBiblioteca diplomática española. _pEstudios (Dirección General de Relaciones Culturales y Científicas) ; _v4 _9241467 |
| 852 |
_aES-MaACL _cDEPO2 _jL-21081 |
||
| 942 |
_2udc _cMONOGRAFIA _n0 |
||
| 999 |
_c13775 _d13775 |
||